00323nam a2200109Ia 4500008004100000082000800041100001800049245002600067942000600093952009900099999001500198240331s9999 xx 000 0 und d bAGA aAgasthiyar, S 0aMaga ganam porunthiya cL 001040708LaWERCLbWERCLcSSCd2024-03-31l0o 894.811 AGAp4505r2024-03-31w2024-03-31yL c3760d3760